[Event "Hetauda Metropolitan-ch U21"]
[Site "Hetauda"]
[Date "2021.03.26"]
[Round "5"]
[White "Bhandari, Kshitiz"]
[Black "Bharat, Gurung"]
[Result "1-0"]
[WhiteElo "1984"]
[BlackElo "2059"]
[PlyCount "49"]
[EventDate "2021.03.24"]
[EventType "swiss"]
[EventRounds "7"]
[EventCountry "NEP"]
[SourceTitle "EXT 2022"]
[Source "ChessBase"]
[SourceDate "2021.10.06"]
[SourceVersion "1"]
[SourceVersionDate "2021.10.06"]
[SourceQuality "1"]

1. d4 Nf6 2. c4 g6 3. Nc3 Bg7 4. e4 d6 5. f3 0-0 6. Be3 e5 7. Nge2 Nc6 8. d5 Ne7 9. Qd2 Re8 10. g4 a6 11. Ng3 Bd7 12. h4 h6 13. Bxh6 Kh7 14. h5 Rh8 15. Bg5 gxh5 16. 0-0-0 Kg8 17. gxh5 Nh7 18. Bh4 Nf8 19. Kb1 f6 20. f4 Qe8 21. fxe5 dxe5 22. Be2 b5 23. Rdg1 b4 24. Nd1 a5 25. Ne3 1-0

[Event "Hetauda Metropolitan-ch U21"]
[Site "Hetauda"]
[Date "2021.03.26"]
[Round "6"]
[White "Bharat, Gurung"]
[Black "Lama, Min Bahadur"]
[Result "0-1"]
[WhiteElo "2059"]
[BlackElo "1714"]
[PlyCount "78"]
[EventDate "2021.03.24"]
[EventType "swiss"]
[EventRounds "7"]
[EventCountry "NEP"]
[SourceTitle "EXT 2022"]
[Source "ChessBase"]
[SourceDate "2021.10.06"]
[SourceVersion "1"]
[SourceVersionDate "2021.10.06"]
[SourceQuality "1"]

1. e4 e5 2. Nf3 Nc6 3. Nc3 Nf6 4. Bc4 Bc5 5. 0-0 0-0 6. a3 a6 7. d3 h6 8. Nd5 d6 9. Ba2 Bg4 10. c3 Ba7 11. Be3 Rb8 12. Bxa7 Nxa7 13. Qe2 Nxd5 14. Bxd5 Qf6 15. Qe3 Bxf3 16. gxf3 Nc8 17. Kh1 Ne7 18. Ba2 Ng6 19. Rg1 Nf4 20. Rg3 Kh8 21. Rag1 g6 22. d4 c5 23. d5 Kh7 24. Qd2 b5 25. c4 Rb6 26. cxb5 axb5 27. Bb1 b4 28. a4 b3 29. Bd3 Rb4 30. Ra1 Ra8 31. a5 Qd8 32. a6 Qb6 33. Qe3 Rd4 34. Be2 h5 35. Rgg1 Qb4 36. Rgd1 Rxd1+ 37. Bxd1 Qb5 38. Bxb3 Rxa6 39. Rxa6 Qf1# 0-1